Regions of New Zealand - Statistics

General Stats
  • This quiz has been taken 141 times
  • The average score is 12 of 16
Answers on the Map
Answers color-coded by a green-red scale on the quiz's map according to % correct below.
 
Answer Stats
English Māori % Correct
Auckland Tāmaki Makaurau
97%
Wellington Te Upoko o te Ika
96%
Bay of Plenty Te Moana-a-Toi
81%
Otago Ōtākou
81%
Southland Murihiku
81%
West Coast Te Tai Poutini
81%
Canterbury Waitaha
78%
Nelson Whakatū
77%
Northland Te Tai Tokerau
77%
Gisborne Te Tairāwhiti
76%
Tasman Te Tai o Aorere
76%
Taranaki Taranaki
74%
Waikato Waikato
74%
Hawke's Bay Te Matau-a-Māui
70%
Marlborough Te Tauihu-o-te-waka
69%
Manawatū-Whanganui Manawatū-Whanganui
51%
No matching quizzes found
Score Distribution
Percent of People with Each Score
Percentile by Number Answered
Your Score History
You have not taken this quiz